书目信息 |
| 题名: |
李嘉图著作和通信集
|
|
| 作者: | 李嘉图 , Ricardo 著 ;蔡受百 译 | |
| 分册: | 第二卷 马尔萨斯《政治经济学原理》评注 | |
| 出版信息: | 北京 商务印书馆 1979 |
|
| 页数: | 434页 | |
| 开本: | 20cm | |
| 丛书名: | ||
| 单 册: | ||
| 中图分类: | F091.33 | |
| 科图分类: | ||
| 主题词: | 古典资产阶级经济学-李嘉图,D.--选集 | |
| 电子资源: | ||
| ISBN: | ||
| 000 | 01028nam0 2200289 45 | |
| 001 | 0179008143 | |
| 005 | 20060814090841.07 | |
| 010 | @dCNY1.30 | |
| 091 | @a4017.192 | |
| 100 | @a19950714d1979 em y0chiy0121 ea | |
| 101 | 0 | @achi@ceng |
| 102 | @aCN@b110000 | |
| 105 | @ay z 000yy | |
| 200 | 10 | @a李嘉图著作和通信集@Ali jia tu zhu zuo he tong xin ji@h第二卷@i马尔萨斯《政治经济学原理》评注@f(英)李嘉图(D.Ricardo)著@g蔡受百译 |
| 210 | @a北京@c商务印书馆@d1979 | |
| 215 | @a434页@d20cm | |
| 300 | @a书名原文:The works and correspondence of david ricardo | |
| 510 | 1 | @aThe works and correspondence of david ricardo@zeng |
| 517 | 1 | @a马尔萨斯政治经济学原理评注@Ama er sa si zheng zhi jing ji xue yuan li ping zhu |
| 600 | 0 | @a李嘉图@bD.@x古典资产阶级经济学@x选集 |
| 606 | @a古典资产阶级经济学-李嘉图,D.@x选集 | |
| 690 | @aF091.33@v3 | |
| 701 | 1 | @a李嘉图@Ali jia tu@4著 |
| 701 | A1 | @aRicardo@bD.@4著 |
| 702 | 0 | @a蔡受百@Acai shou bai@4译 |
| 801 | 0 | @aCN@bNLC@c20060814 |
| 905 | @f2@b179388-389@dF091.33@e26:2 | |
| 李嘉图著作和通信集.第二卷.马尔萨斯《政治经济学原理》评注/(英)李嘉图(D.Ricardo)著/蔡受百译.-北京:商务印书馆,1979 |
| 434页;20cm |
| 书名原文:The works and correspondence of david ricardo |
| ISBN :CNY1.30 |
| ● |
| 相关链接 |
|
|
|
|
正题名:李嘉图著作和通信集
索取号:F091.33/26:2
 
预约/预借
| 序号 | 登录号 | 条形码 | 馆藏地/架位号 | 状态 | 备注 |
| 1 | 0179388 | 000193613 | 第一借阅区/ [索取号:F091.33/26:2] | 在馆 | |
| 2 | 0179389 | 000193579 | 第一借阅区/ [索取号:F091.33/26:2] | 在馆 | |
| 3 | 0179390 | 000193560 | 第一样本阅览室/ [索取号:F091.33/26:2] | 在馆 | |
| 4 | 0426026 | 204260263 | 密集书库/ [索取号:F091.33/26:2] | 在馆 | |
| 5 | 0459656 | 204596561 | 密集书库/ [索取号:F091.33/26:2] | 在馆 |